| 000 | 00937cab a22002175a 4500 | ||
|---|---|---|---|
| 001 | L157898 | ||
| 008 | 130628e20130622xxk 000 0 eng d | ||
| 035 | _a(Sirsi) u157898 | ||
| 041 | 0 | _aeng | |
| 100 | 1 | _aThame, David | |
| 245 | 0 | 0 |
_aFocus _bNorth West |
| 490 |
_aEstates Gazette _v(1325) 22 June 2013, 75-97(17) |
||
| 520 | _aIncludes information on possibe economic recovery noting that the number of planning applications in the north-west has returned to pre-recession levels, the effect of the proposed HS2 high-speed rail link on the area as some experts now doubt the potential economic benefits, how speculative office development could help the Chester raise its profile and the attraction of the city of Manchester for overseas investors. | ||
| 590 | _aKA | ||
| 651 | 4 | _aLancashire | |
| 651 | 4 | _aCheshire | |
| 690 |
_aCommercial property _96227 |
||
| 700 | 1 | _aQuinn, David | |
| 700 | 1 | _aHamilton, Helen | |
| 942 | _n0 | ||
| 999 |
_c84482 _d84482 |
||